Trnavská pahorkatina Senec : turistická a cyklistická mapa 1:50 000

Bibliographic Details
Corporate Author: VKÚ Harmanec (Kynceľová, Slovensko) (Author)
Other Authors: Schwarzbacher, Bohuš, 1965- (Photographer), Schwarzbacher, Matej, 1991- (Photographer), Herda, Rudolf (Photographer)
Format: Map
Language:Slovak
PhysicalDescription:1 mapa farebná 89 x 57 cm na liste 115 x 58 cm, zložené na 20 x 13 cm 1 brožúra (26 strán)
Published: Kynceľová VKÚ Harmanec, s.r.o. 2021
ISBN:9788099934222
Edition:3. vydanie
Series:Edícia turistických máp 1:50 000
Subjects:

MARC

LEADER 00000nem a2200000 4500
001 vtls012054159
003 SK-MaSNL
005 20260302015453.0
007 aj canzn
008 210514s2021 xo ag a 0 slo
020 |a 9788099934222  |q (zložené) 
034 1 |a a  |b 50000 
040 |a SNK  |b slo  |c SNK  |e rda 
041 0 |a slo 
043 |a e-xo--- 
044 |a xo  |c SK 
072 7 |a 913(437)  |x Geografia Česka a Slovenska, reálie, cestovanie  |2 konspekt 
072 7 |a 912  |x Mapy. Atlasy  |2 konspekt 
080 |a 796.51  |2 2011 
080 |a 913(437.6-13)  |2 2011 
080 |a 913(437.611)  |2 2011 
080 |a (084.3)  |2 2011 
080 |a 796.61  |2 2011 
110 2 |a VKÚ Harmanec (Kynceľová, Slovensko)  |4 aut  |4 pbl  |9 319868 
245 1 0 |a Trnavská pahorkatina  |h kartografický dokument  |b Senec : turistická a cyklistická mapa 1:50 000  |c vydala a spracovala VKÚ Harmanec, s.r.o., Kynceľová ; fotografie: Bohuš Schwarzbacher, Matej Schwarzbacher ; fotografia na obálke: Rudolf Herda 
246 3 0 |a Senec 
250 |a 3. vydanie 
255 |a Mierka 1:50 000 
264 1 |a Kynceľová  |b VKÚ Harmanec, s.r.o.  |c 2021 
300 |a 1 mapa  |b farebná  |c 89 x 57 cm na liste 115 x 58 cm, zložené na 20 x 13 cm  |e 1 brožúra (26 strán) 
336 |a kartografický obraz  |b cri  |2 rdacontent 
337 |a bez média  |b n  |2 rdamedia 
338 |a list  |b nb  |2 rdacarrier 
366 |e 9100 kusov 
490 1 |a Edícia turistických máp 1:50 000  |v 151 
500 |a Obsahuje vysvetlivky ; na rube stručný turisticko-vlastivedný popis ; ubytovanie ; služby turistom ; vybrané turistické trasy ; turistické značené trasy ; turistické značenie v teréne ; zásady bezpečného pohybu na horách ; zásady bezpečnej jazdy na bicykli ; piktogramy 
500 |a Uložené v plastovom obale 
650 0 7 |a pešia turistika  |2 SNKPH  |9 1059 
650 0 7 |a cykloturistika  |2 SNKPH  |9 3264 
651 7 |a Trnavská pahorkatina (Slovensko)  |2 SNKPHgeo  |9 68350 
651 7 |a Senec (Slovensko)  |2 SNKPHgeo  |9 175132 
651 7 |a Senec (Slovakia)  |2 SNKPHeng  |9 433954 
655 7 |a turistické mapy  |2 SNKPH  |9 70551 
655 7 |a cykloturistické mapy  |2 SNKPH  |9 70791 
655 7 |a Tourist maps  |2 SNKPHeng  |9 295361 
655 7 |a Cyklist's maps  |2 SNKPHeng  |9 367740 
700 1 |a Schwarzbacher, Bohuš,  |d 1965-  |4 pht  |9 187068 
700 1 |a Schwarzbacher, Matej,  |d 1991-  |4 pht  |9 187523 
700 1 |a Herda, Rudolf  |4 pht  |9 661233 
830 0 |a Edícia turistických máp 1:50 000  |9 315784 
852 |a Štátna vedecká knižnica v Banskej Bystrici 
919 |a 978-80-99934-22-2 
999 |c 1021268  |d 1023198 
952 |a SNK  |b SNK  |y NEVYP  |7 1  |p 17A1478802  |o snkSLCm 3578  |i snk2022/1641  |8 0  |3 Dokument obsahuje prílohu 1 brožúru  |0 0  |1 0  |4 0  |d 2022-01-28  |l 0  |r 2026-02-24 13:24:01  |w 2026-02-24 
952 |a SNK  |b SNK  |y NEVYP  |7 1  |p 17A1478803  |o snkSLCm 3578/príl.  |i snk2022/1641  |8 0  |z Príl.: Brožúra  |0 0  |1 0  |4 0  |d 2022-01-28  |l 0  |r 2026-02-24 13:24:01  |w 2026-02-24